00776nam a2200205 i 450000100060000000300090000600500170001500700030003200800410003510000380007624500960011426000770021030000250028770000310031270000260034370000410036985200220041099900170043295201210044975905ES-MaACL20230906172640.0t|040928q1905 fr ||||1| fre d1 aGrimm, Jacob (d1785-1863)96006010aContes des fréres Grimm / ctraduits de l'allemand par Ernest Grégoire et Louis Moland. aParis : b[s.n., c1905?] (eLevallois-Perret : fCrété de L. Abbre) aX, 344 p. ; c18 cm.1 aGrégoire, Ernest.9598821 aMoland, Louis.9818391 aGrimm, Wilhelm (d1786-1859)9168467 aES-MaACLjF-11036 c75905d75905 00104070aATENEOMbATENEOMcSPP2d2008-01-17eSCl0oF-11036p1079443r2023-02-23 00:00:00w2023-02-23yMONOGRAFIA